000 00921nam a2200241Ia 4500
003 OSt
005 20221005111815.0
006 a|||||r|||| 00| 0
007 ta
008 221004b |||||||| |||| 00| 0 hin d
024 _a29857
037 _cTextual
040 _aCRL
_cCRL
_bhin
041 _2hin
_ahin
082 _aYxM64, 152M2
100 _aश्रीवास्तव, सुरेंद्र कुमार, संपा.
_9624246
245 0 _aसमाज विज्ञान के मूल विचारक
246 _aSamāj vijnyān ke mūl vichāraka
260 _aलखनउ
_bउत्तर प्रदेश हिंदी संस्थान भारत
_c1982
300 _a300पृ.
_ccm.
942 _hYxM64, 152M2
_cTEXL
_2cc
999 _c1022975
_d1022975